[Event "HUN-chT 1819"]
[Site "Hungary"]
[Date "2019.04.28"]
[Round "9.1"]
[White "Szabo, Krisztian"]
[Black "Horvath, Gyula"]
[Result "1/2-1/2"]
[WhiteElo "2493"]
[BlackElo "2320"]
[PlyCount "81"]
[EventDate "2018.11.17"]
[EventType "team-tourn"]
[EventRounds "9"]
[EventCountry "HUN"]
[SourceTitle "CBM 190 Extra"]
[Source "ChessBase"]
[SourceDate "2019.07.15"]
[SourceVersion "1"]
[SourceVersionDate "2019.07.15"]
[SourceQuality "1"]
[WhiteTeam "Paks"]
[BlackTeam "Csuti Hydro"]
[WhiteTeamCountry "HUN"]
[BlackTeamCountry "HUN"]

1. e4 e5 2. Nf3 Nc6 3. Bb5 f5 4. d3 fxe4 5. dxe4 Nf6 6. 0-0 d6 7. Nc3 Be7 8. Qd3 Bd7 9. a3 Qc8 10. Bc4 h6 11. Nh4 g5 12. Ng6 Rh7 13. Nxe7 Kxe7 14. Be3 Qh8 15. Rfd1 a6 16. b4 Nd8 17. a4 Ne6 18. b5 axb5 19. axb5 Rxa1 20. Rxa1 b6 21. Nd5+ Nxd5 22. Bxd5 Qf6 23. Ra7 Kd8 24. Qc4 Nc5 25. Bc6 Qf7 26. Qe2 Qg6 27. Bxc5 bxc5 28. Ra8+ Ke7 29. Bxd7 Kxd7 30. Qg4+ Ke7 31. Rc8 Kf6 32. Qf3+ Ke6 33. Qg4+ Kf6 34. h4 gxh4 35. Qf3+ Ke6 36. Qh3+ Kf6 37. Qf3+ Ke6 38. Rg8 Rg7 39. Qh3+ Kf7 40. Rc8 Kf6 41. Qxh4+ 1/2-1/2

[Event "HUN-chT 1819"]
[Site "Hungary"]
[Date "2018.12.02"]
[Round "3.3"]
[White "Szabo, Krisztian"]
[Black "Seres, Lajos"]
[Result "1/2-1/2"]
[WhiteElo "2493"]
[BlackElo "2425"]
[PlyCount "47"]
[EventDate "2018.11.17"]
[EventType "team-tourn"]
[EventRounds "9"]
[EventCountry "HUN"]
[SourceTitle "CBM 187 Extra"]
[Source "ChessBase"]
[SourceDate "2018.11.04"]
[SourceVersion "1"]
[SourceVersionDate "2018.11.04"]
[SourceQuality "1"]
[WhiteTeam "Paks"]
[BlackTeam "Penzugyor"]
[WhiteTeamCountry "HUN"]
[BlackTeamCountry "HUN"]

1. e4 c5 2. Nf3 Nc6 3. d4 cxd4 4. Nxd4 e5 5. Nb5 a6 6. Nd6+ Bxd6 7. Qxd6 Qe7 8. Qd1 Nf6 9. Nc3 Nd4 10. Bd3 b5 11. 0-0 Bb7 12. Re1 h6 13. Be3 Ne6 14. f3 0-0 15. Bf1 Nc7 16. Qe2 d5 17. Nxd5 Ncxd5 18. exd5 Nxd5 19. Bf2 Rfe8 20. c3 Qg5 21. Kh1 e4 22. fxe4 Nf6 23. e5 Re6 24. Qe3 1/2-1/2

[Event "HUN-chT 1819"]
[Site "Hungary"]
[Date "2018.11.17"]
[Round "1.4"]
[White "Cabarkapa, Novak"]
[Black "Szabo, Krisztian"]
[Result "1/2-1/2"]
[WhiteElo "2432"]
[BlackElo "2493"]
[PlyCount "81"]
[EventDate "2018.11.17"]
[EventType "team-tourn"]
[EventRounds "9"]
[EventCountry "HUN"]
[SourceTitle "CBM 187 Extra"]
[Source "ChessBase"]
[SourceDate "2018.11.04"]
[SourceVersion "1"]
[SourceVersionDate "2018.11.04"]
[SourceQuality "1"]
[WhiteTeam "Mako Duocor"]
[BlackTeam "Paks"]
[WhiteTeamCountry "HUN"]
[BlackTeamCountry "HUN"]

1. b3 e5 2. Bb2 Nc6 3. Nf3 e4 4. Nd4 Nxd4 5. Bxd4 Nf6 6. e3 d5 7. c4 dxc4 8. Bxc4 Be7 9. Nc3 0-0 10. Qc2 Bf5 11. f3 c5 12. Be5 Bd6 13. Bxd6 Qxd6 14. fxe4 Bg6 15. d3 a6 16. Bd5 Rab8 17. 0-0 b5 18. Rac1 b4 19. Rxf6 Qxf6 20. Na4 Rbc8 21. Nxc5 Rfd8 22. Qe2 Qb6 23. d4 a5 24. h4 h5 25. g4 Qd6 26. Qf3 Qf6 27. Qg3 Qd6 28. Qf3 Qf6 29. Qh3 Qe7 30. gxh5 Bxh5 31. Rf1 Rxc5 32. dxc5 Qxc5 33. Qg3 Qd6 34. Qg5 Re8 35. Rc1 Re5 36. Qf4 Qe7 37. Kf2 Bg6 38. Rc4 Kh7 39. Kg3 Kg8 40. Qg4 Kh7 41. Qf4 1/2-1/2

[Event "HUN-chT 1718"]
[Site "Hungary"]
[Date "2018.01.28"]
[Round "5.7"]
[White "Kovacs, Gabor H"]
[Black "Szabo, Krisztian"]
[Result "1/2-1/2"]
[WhiteElo "2463"]
[BlackElo "2498"]
[PlyCount "30"]
[EventDate "2017.11.25"]
[EventType "team-tourn"]
[EventRounds "9"]
[EventCountry "HUN"]
[SourceTitle "EXT 2019"]
[Source "ChessBase"]
[SourceDate "2018.10.10"]
[SourceVersion "1"]
[SourceVersionDate "2018.10.10"]
[SourceQuality "1"]
[WhiteTeam "HVSE Infraplan"]
[BlackTeam "Paks"]
[WhiteTeamCountry "HUN"]
[BlackTeamCountry "HUN"]

1. d4 Nf6 2. c4 g6 3. Nf3 Bg7 4. g3 0-0 5. Bg2 d6 6. 0-0 Nbd7 7. Nc3 e5 8. e4 exd4 9. Nxd4 Re8 10. h3 a6 11. Be3 Rb8 12. a4 Ne5 13. b3 Nfd7 14. Qc2 Nc6 15. Rad1 Nb4 1/2-1/2

[Event "AUT-chT2O 1617"]
[Site "Austria"]
[Date "2017.04.02"]
[Round "11.1"]
[White "Szabo, Krisztian"]
[Black "Rubil, Marko"]
[Result "1/2-1/2"]
[WhiteElo "2510"]
[BlackElo "2306"]
[PlyCount "73"]
[EventDate "2016.10.15"]
[EventType "team-tourn"]
[EventRounds "11"]
[EventCountry "AUT"]
[SourceTitle "CBM 177 Extra"]
[Source "ChessBase"]
[SourceDate "2017.04.27"]
[SourceVersion "1"]
[SourceVersionDate "2017.04.27"]
[SourceQuality "1"]
[WhiteTeam "Mattersburg"]
[BlackTeam "Favoriten"]
[WhiteTeamCountry "AUT"]
[BlackTeamCountry "AUT"]

1. e4 e5 2. Nf3 Nc6 3. Bb5 a6 4. Ba4 Nf6 5. 0-0 Be7 6. Re1 b5 7. Bb3 d6 8. c3 0-0 9. h3 Na5 10. Bc2 c5 11. d4 Qc7 12. Nbd2 Nc6 13. d5 Nd8 14. a4 Rb8 15. b4 Nb7 16. a5 Ne8 17. Nf1 g6 18. Bh6 Ng7 19. g4 Nd8 20. Ng3 f6 21. Qd2 Nf7 22. Be3 Kh8 23. Kg2 Rg8 24. Kh2 Qd7 25. Rh1 Bb7 26. Rac1 c4 27. Rcg1 Rbf8 28. Rg2 Qd8 29. Rf1 Qa8 30. Rd1 Bc8 31. Bb1 Bd7 32. Rdg1 Qd8 33. Ne1 Qc8 34. Qc2 Qe8 35. f3 h5 36. gxh5 g5 37. h4 1/2-1/2

[Event "HUN-chT 1617"]
[Site "Hungary"]
[Date "2017.03.12"]
[Round "7.6"]
[White "Erdos, Viktor"]
[Black "Szabo, Krisztian"]
[Result "1/2-1/2"]
[WhiteElo "2585"]
[BlackElo "2510"]
[PlyCount "32"]
[EventDate "2016.10.30"]
[EventType "team-tourn"]
[EventRounds "9"]
[EventCountry "HUN"]
[SourceTitle "EXT 2018"]
[Source "ChessBase"]
[SourceDate "2017.10.13"]
[SourceVersion "1"]
[SourceVersionDate "2017.10.13"]
[SourceQuality "1"]
[WhiteTeam "Aquaprofit"]
[BlackTeam "Paks"]
[WhiteTeamCountry "HUN"]
[BlackTeamCountry "HUN"]

1. d4 Nf6 2. c4 g6 3. f3 Bg7 4. e4 d6 5. Be3 0-0 6. Ne2 c5 7. d5 e6 8. Nec3 exd5 9. cxd5 Nh5 10. g4 Nf6 11. Be2 Ne8 12. Qd2 Nd7 13. h4 Ne5 14. h5 f5 15. gxf5 gxf5 16. f4 Nf7 1/2-1/2

[Event "AUT-chT2O 1617"]
[Site "Austria"]
[Date "2016.12.03"]
[Round "5.4"]
[White "Menezes, Christoph"]
[Black "Szabo, Krisztian"]
[Result "1/2-1/2"]
[WhiteElo "2411"]
[BlackElo "2510"]
[PlyCount "58"]
[EventDate "2016.10.15"]
[EventType "team-tourn"]
[EventRounds "11"]
[EventCountry "AUT"]
[SourceTitle "CBM 177 Extra"]
[Source "ChessBase"]
[SourceDate "2017.04.27"]
[SourceVersion "1"]
[SourceVersionDate "2017.04.27"]
[SourceQuality "1"]
[WhiteTeam "Tschaturanga"]
[BlackTeam "Mattersburg"]
[WhiteTeamCountry "AUT"]
[BlackTeamCountry "AUT"]

1. d4 Nf6 2. c4 g6 3. Nc3 Bg7 4. e4 d6 5. Nf3 0-0 6. Be2 e5 7. 0-0 Nc6 8. dxe5 dxe5 9. Bg5 Qxd1 10. Rfxd1 h6 11. Be3 Kh7 12. h3 Be6 13. Nd5 Rac8 14. Bd3 Nd7 15. Bc2 f5 16. Rac1 Rf7 17. a3 Nd8 18. exf5 Bxf5 19. Nc3 Ne6 20. b4 Nb6 21. Bb3 c5 22. Nb5 Rff8 23. Nxa7 Ra8 24. Nb5 Nd4 25. Bxd4 cxd4 26. c5 Na4 27. Bd5 Rab8 28. Re1 d3 29. Rcd1 Rfd8 1/2-1/2

[Event "HUN-chT 1617"]
[Site "Hungary"]
[Date "2016.11.27"]
[Round "3.4"]
[White "Szabo, Krisztian"]
[Black "Hujbert, Florian"]
[Result "1/2-1/2"]
[WhiteElo "2510"]
[BlackElo "2464"]
[PlyCount "27"]
[EventDate "2016.10.30"]
[EventType "team-tourn"]
[EventRounds "9"]
[EventCountry "HUN"]
[SourceTitle "EXT 2018"]
[Source "ChessBase"]
[SourceDate "2017.10.13"]
[SourceVersion "1"]
[SourceVersionDate "2017.10.13"]
[SourceQuality "1"]
[WhiteTeam "Paks"]
[BlackTeam "Penzugyor"]
[WhiteTeamCountry "HUN"]
[BlackTeamCountry "HUN"]

1. e4 c5 2. Nf3 a6 3. c4 Nc6 4. d4 cxd4 5. Nxd4 e5 6. Nf5 d6 7. Nc3 g6 8. Ne3 Nge7 9. h4 h5 10. Ned5 Nxd5 11. Nxd5 Bh6 12. Bg5 Bxg5 13. hxg5 Be6 14. Nf6+ 1/2-1/2

[Event "HUN-chT 1516"]
[Site "Hungary"]
[Date "2016.04.17"]
[Round "9.5"]
[White "Nemeth, Miklos"]
[Black "Szabo, Krisztian"]
[Result "1/2-1/2"]
[WhiteElo "2469"]
[BlackElo "2513"]
[PlyCount "22"]
[EventDate "2015.11.07"]
[EventType "team-tourn"]
[EventRounds "11"]
[EventCountry "HUN"]
[SourceTitle "CBM 171 Extra"]
[Source "ChessBase"]
[SourceDate "2016.04.26"]
[SourceVersion "1"]
[SourceVersionDate "2016.04.26"]
[SourceQuality "1"]
[WhiteTeam "HVSE Infraplan"]
[BlackTeam "Paks"]
[WhiteTeamCountry "HUN"]
[BlackTeamCountry "HUN"]

1. e4 e5 2. Nf3 Nc6 3. Bc4 Nf6 4. d3 Be7 5. 0-0 d6 6. c3 0-0 7. b4 h6 8. Bb3 Re8 9. Re1 Bf8 10. Nbd2 Be6 11. Nc4 a6 1/2-1/2

[Event "AUT-chT2O 1516"]
[Site "Austria"]
[Date "2016.04.10"]
[Round "11.2"]
[White "Stanec, Nikolaus"]
[Black "Szabo, Krisztian"]
[Result "1/2-1/2"]
[WhiteElo "2457"]
[BlackElo "2513"]
[PlyCount "37"]
[EventDate "2015.10.17"]
[EventType "team-tourn"]
[EventRounds "11"]
[EventCountry "AUT"]
[SourceTitle "EXT 2017"]
[Source "ChessBase"]
[SourceDate "2016.10.25"]
[SourceVersion "1"]
[SourceVersionDate "2016.10.25"]
[SourceQuality "1"]
[WhiteTeam "Donaustadt"]
[BlackTeam "Mattersburg"]
[WhiteTeamCountry "AUT"]
[BlackTeamCountry "AUT"]

1. c4 e6 2. Nf3 d5 3. d4 Nf6 4. Nc3 c6 5. cxd5 exd5 6. Bg5 h6 7. Bxf6 Qxf6 8. e3 Bd6 9. Bd3 0-0 10. h3 Bf5 11. 0-0 Nd7 12. Re1 Bxd3 13. Qxd3 Rfe8 14. e4 Qg6 15. Nh4 Qf6 16. Nf3 Qg6 17. Nh4 Qf6 18. Nf3 Qg6 19. Nh4 1/2-1/2

[Event "AUT-chT2O 1516"]
[Site "Austria"]
[Date "2016.04.09"]
[Round "10.6"]
[White "Szabo, Krisztian"]
[Black "Chytilek, Roman"]
[Result "1-0"]
[WhiteElo "2513"]
[BlackElo "2345"]
[PlyCount "117"]
[EventDate "2015.10.17"]
[EventType "team-tourn"]
[EventRounds "11"]
[EventCountry "AUT"]
[SourceTitle "EXT 2017"]
[Source "ChessBase"]
[SourceDate "2016.10.25"]
[SourceVersion "1"]
[SourceVersionDate "2016.10.25"]
[SourceQuality "1"]
[WhiteTeam "Mattersburg"]
[BlackTeam "Stockerau"]
[WhiteTeamCountry "AUT"]
[BlackTeamCountry "AUT"]

1. e4 g6 2. d4 Bg7 3. Nc3 d6 4. f4 Nf6 5. Bd3 Na6 6. Nf3 0-0 7. 0-0 c5 8. d5 Bg4 9. Bc4 Nd7 10. h3 Bxf3 11. Qxf3 Nc7 12. a4 Rb8 13. a5 a6 14. Na4 b5 15. axb6 Nxb6 16. Nxb6 Rxb6 17. Ra2 e6 18. Qd3 exd5 19. exd5 Re8 20. Bd2 Qb8 21. b3 f5 22. Re1 Rxe1+ 23. Bxe1 Qe8 24. Kf1 Qf7 25. c3 Rb8 26. Re2 Kf8 27. b4 cxb4 28. cxb4 Re8 29. Rxe8+ Kxe8 30. Bf2 Qf6 31. Kg1 Kd7 32. Kh2 Qc3 33. Qe2 Bd4 34. Be1 Qc1 35. Bd2 Qa1 36. Qe1 Qxe1 37. Bxe1 Ke7 38. g4 Nb5 39. Kg3 Kf6 40. Kf3 Bc3 41. Bxc3+ Nxc3 42. g5+ Ke7 43. h4 Nb5 44. Ke3 Kd7 45. h5 Ke7 46. h6 Nc7 47. Bb3 Kd8 48. Kd3 Nb5 49. Ba4 Ke7 50. Kc4 Na3+ 51. Kb3 Nb5 52. Kb2 Nd4 53. Bd1 Kd8 54. Bh5 Ke7 55. Bxg6 Ne2 56. Bxh7 Nxf4 57. g6 Nxd5 58. g7 Nf6 59. Bg6 1-0

[Event "HUN-chT 1516"]
[Site "Hungary"]
[Date "2016.04.03"]
[Round "7.4"]
[White "Szabo, Krisztian"]
[Black "Czebe, Attila"]
[Result "1/2-1/2"]
[WhiteElo "2513"]
[BlackElo "2454"]
[PlyCount "29"]
[EventDate "2015.11.07"]
[EventType "team-tourn"]
[EventRounds "11"]
[EventCountry "HUN"]
[SourceTitle "CBM 171 Extra"]
[Source "ChessBase"]
[SourceDate "2016.04.26"]
[SourceVersion "1"]
[SourceVersionDate "2016.04.26"]
[SourceQuality "1"]
[WhiteTeam "Paks"]
[BlackTeam "Csuti"]
[WhiteTeamCountry "HUN"]
[BlackTeamCountry "HUN"]

1. e4 g6 2. d4 Bg7 3. Nc3 Nc6 4. d5 Nb8 5. h4 h5 6. Bg5 d6 7. Qd2 c6 8. Nf3 Nf6 9. 0-0-0 Bg4 10. Re1 Bxf3 11. gxf3 0-0 12. Rg1 Nbd7 13. f4 Nh7 14. f5 Nxg5 15. Qxg5 1/2-1/2

[Event "HUN-chT 1516"]
[Site "Hungary"]
[Date "2016.03.20"]
[Round "6.6"]
[White "Krizsany, Laszlo"]
[Black "Szabo, Krisztian"]
[Result "1/2-1/2"]
[WhiteElo "2437"]
[BlackElo "2513"]
[PlyCount "34"]
[EventDate "2015.11.07"]
[EventType "team-tourn"]
[EventRounds "11"]
[EventCountry "HUN"]
[SourceTitle "CBM 171 Extra"]
[Source "ChessBase"]
[SourceDate "2016.04.26"]
[SourceVersion "1"]
[SourceVersionDate "2016.04.26"]
[SourceQuality "1"]
[WhiteTeam "Kobanya Aquarena"]
[BlackTeam "Paks"]
[WhiteTeamCountry "HUN"]
[BlackTeamCountry "HUN"]

1. d4 Nf6 2. c4 g6 3. Nc3 Bg7 4. e4 d6 5. Be2 0-0 6. Bg5 Na6 7. Qd2 e5 8. d5 c6 9. f3 cxd5 10. cxd5 Bd7 11. g4 h6 12. Be3 h5 13. h3 Nc5 14. b4 Na4 15. Nxa4 Bxa4 16. Rc1 Qd7 17. Bd3 Bb5 1/2-1/2

[Event "AUT-chT2O 1516"]
[Site "Austria"]
[Date "2016.02.20"]
[Round "5.3"]
[White "Szabo, Krisztian"]
[Black "Weinzettl, Ernst"]
[Result "1-0"]
[WhiteElo "2513"]
[BlackElo "2299"]
[PlyCount "55"]
[EventDate "2015.10.17"]
[EventType "team-tourn"]
[EventRounds "11"]
[EventCountry "AUT"]
[SourceTitle "EXT 2017"]
[Source "ChessBase"]
[SourceDate "2016.10.25"]
[SourceVersion "1"]
[SourceVersionDate "2016.10.25"]
[SourceQuality "1"]
[WhiteTeam "Mattersburg"]
[BlackTeam "Poechlarn"]
[WhiteTeamCountry "AUT"]
[BlackTeamCountry "AUT"]

1. e4 e6 2. d4 d5 3. Nc3 Bb4 4. e5 Ne7 5. a3 Bxc3+ 6. bxc3 b6 7. Qg4 Ng6 8. h4 h5 9. Qd1 c5 10. Bb5+ Bd7 11. Bd3 Ba4 12. Nf3 Nc6 13. Ng5 Qd7 14. Rh3 Nge7 15. Be2 cxd4 16. cxd4 Nf5 17. Bb2 Na5 18. Bxh5 g6 19. Bg4 Nxh4 20. g3 Ng2+ 21. Kf1 Rxh3 22. Bxh3 Ne3+ 23. fxe3 Qb5+ 24. Kg1 Qxb2 25. Qf1 0-0-0 26. Nxf7 Nc4 27. Bxe6+ Kc7 28. Nxd8 1-0

[Event "HUN-chT 1516"]
[Site "Hungary"]
[Date "2015.11.08"]
[Round "2"]
[White "Popovics, Adam"]
[Black "Szabo, Krisztian"]
[Result "0-1"]
[WhiteElo "2395"]
[BlackElo "2513"]
[PlyCount "38"]
[EventDate "2015.11.07"]
[EventType "team-tourn"]
[EventRounds "11"]
[EventCountry "HUN"]
[SourceTitle "CBM 169 Extra"]
[Source "ChessBase"]
[SourceDate "2015.12.18"]
[SourceVersion "1"]
[SourceVersionDate "2015.12.18"]
[SourceQuality "1"]
[WhiteTeam "Dunaharaszti"]
[BlackTeam "Paks"]
[WhiteTeamCountry "HUN"]
[BlackTeamCountry "HUN"]

1. c4 g6 2. Nc3 Bg7 3. g3 e5 4. Bg2 d6 5. d3 f5 6. e4 Nc6 7. Nge2 Nf6 8. h3 0-0 9. Be3 Be6 10. Nd5 Qd7 11. Qd2 Rae8 12. Rd1 Nh5 13. b3 Kh8 14. a3 Rf7 15. b4 Nd4 16. Bxd4 exd4 17. Ndf4 Nxf4 18. Nxf4 fxe4 19. Nxe6 e3 0-1

[Event "FRA-chT Top 12"]
[Site "Montpellier"]
[Date "2015.06.07"]
[Round "9.3"]
[White "Vachier Lagrave, Maxime"]
[Black "Szabo, Krisztian"]
[Result "1-0"]
[WhiteElo "2754"]
[BlackElo "2518"]
[PlyCount "69"]
[EventDate "2015.05.30"]
[EventType "team-tourn"]
[EventRounds "11"]
[EventCountry "FRA"]
[SourceTitle "CBM 166 Extra"]
[Source "ChessBase"]
[SourceDate "2015.06.18"]
[SourceVersion "1"]
[SourceVersionDate "2015.06.18"]
[SourceQuality "1"]
[WhiteTeam "Clichy Echecs 92"]
[BlackTeam "Grasse Echecs"]
[WhiteTeamCountry "FRA"]
[BlackTeamCountry "FRA"]

1. d4 Nf6 2. Nf3 g6 3. g3 Bg7 4. Bg2 0-0 5. 0-0 d6 6. a4 Nbd7 7. a5 a6 8. c4 e5 9. Nc3 exd4 10. Nxd4 Ne5 11. b3 c5 12. Nf3 Nc6 13. Bf4 Nh5 14. Bg5 f6 15. Bd2 Nxa5 16. Ne4 Nc6 17. Be3 Be6 18. Qxd6 Qxd6 19. Nxd6 b6 20. Nd2 Rad8 21. Nb7 Rxd2 22. Bxd2 Nd4 23. Rxa6 Nxb3 24. Be3 Bxc4 25. Rxb6 Nd4 26. Bxd4 cxd4 27. Bf3 f5 28. Rc1 Bf7 29. Nd6 Be6 30. Rc7 Nf6 31. Rbb7 Bh8 32. Re7 Ba2 33. Ra7 Bb3 34. Nb5 Nd5 35. Rxh7 1-0

[Event "FRA-chT Top 12"]
[Site "Montpellier"]
[Date "2015.05.30"]
[Round "1.2"]
[White "Szabo, Krisztian"]
[Black "Solodovnichenko, Yuri"]
[Result "1/2-1/2"]
[WhiteElo "2518"]
[BlackElo "2592"]
[PlyCount "58"]
[EventDate "2015.05.30"]
[EventType "team-tourn"]
[EventRounds "11"]
[EventCountry "FRA"]
[SourceTitle "CBM 166 Extra"]
[Source "ChessBase"]
[SourceDate "2015.06.18"]
[SourceVersion "1"]
[SourceVersionDate "2015.06.18"]
[SourceQuality "1"]
[WhiteTeam "Grasse Echecs"]
[BlackTeam "Vandoeuvre"]
[WhiteTeamCountry "FRA"]
[BlackTeamCountry "FRA"]

1. e4 c5 2. Nf3 d6 3. d4 cxd4 4. Nxd4 Nf6 5. Nc3 a6 6. Be3 e6 7. f3 b5 8. Qd2 Nbd7 9. g4 b4 10. Nce2 h6 11. 0-0-0 Qc7 12. h4 d5 13. Bf4 e5 14. Bh2 dxe4 15. g5 hxg5 16. hxg5 Rxh2 17. Rxh2 exd4 18. Rh8 Nd5 19. Qxd4 Bb7 20. fxe4 N5b6 21. Qxb4 0-0-0 22. Qb3 Bxe4 23. Nd4 Qf4+ 24. Kb1 Kc7 25. Bxa6 Nc5 26. Nb5+ Kc6 27. Na7+ Kc7 28. Nb5+ Kc6 29. Na7+ Kc7 1/2-1/2

[Event "HUN-chT 1415"]
[Site "Hungary"]
[Date "2015.02.08"]
[Round "6.5"]
[White "Popovics, Adam"]
[Black "Szabo, Krisztian"]
[Result "1/2-1/2"]
[WhiteElo "2407"]
[BlackElo "2539"]
[PlyCount "59"]
[EventDate "2014.10.12"]
[EventType "team-tourn"]
[EventRounds "9"]
[EventCountry "HUN"]
[SourceTitle "EXT 2016"]
[Source "ChessBase"]
[SourceDate "2015.10.08"]
[SourceVersion "1"]
[SourceVersionDate "2015.10.08"]
[SourceQuality "1"]
[WhiteTeam "Dunaharaszti"]
[BlackTeam "Paks"]
[WhiteTeamCountry "HUN"]
[BlackTeamCountry "HUN"]

1. d4 Nf6 2. c4 g6 3. Nc3 Bg7 4. e4 d6 5. Nf3 0-0 6. Be2 e5 7. 0-0 Nc6 8. d5 Ne7 9. Qc2 Ne8 10. Rd1 f5 11. Ng5 h6 12. Ne6 Bxe6 13. dxe6 Qc8 14. c5 Qxe6 15. cxd6 cxd6 16. exf5 gxf5 17. Qb3 Qxb3 18. axb3 a6 19. b4 Rd8 20. b5 axb5 21. Bxb5 d5 22. b3 d4 23. Bc4+ Kh7 24. Nb5 Nc6 25. Ba3 Rf6 26. Bc5 Rg6 27. Bf7 Rf6 28. Bc4 Rg6 29. Bf7 Rf6 30. Bc4 1/2-1/2

[Event "HUN-chT 1415"]
[Site "Hungary"]
[Date "2014.12.14"]
[Round "4.5"]
[White "Szabo, Krisztian"]
[Black "Balint, Vilmos"]
[Result "1-0"]
[WhiteElo "2539"]
[BlackElo "2204"]
[PlyCount "95"]
[EventDate "2014.10.12"]
[EventType "team-tourn"]
[EventRounds "9"]
[EventCountry "HUN"]
[SourceTitle "EXT 2016"]
[Source "ChessBase"]
[SourceDate "2015.10.08"]
[SourceVersion "1"]
[SourceVersionDate "2015.10.08"]
[SourceQuality "1"]
[WhiteTeam "Paks"]
[BlackTeam "Husi"]
[WhiteTeamCountry "HUN"]
[BlackTeamCountry "HUN"]

1. e4 e6 2. d4 d5 3. Nc3 Bb4 4. e5 Ne7 5. a3 Bxc3+ 6. bxc3 b6 7. Qg4 Ng6 8. h4 h5 9. Qd1 Ba6 10. Bxa6 Nxa6 11. Bg5 Qd7 12. a4 Rc8 13. Qd3 Nb8 14. Ne2 c5 15. a5 b5 16. 0-0 cxd4 17. cxd4 Ne7 18. Bxe7 Kxe7 19. a6 Rc4 20. Rfb1 Nc6 21. Rxb5 Rb8 22. Rxb8 Nxb8 23. Rb1 Qc8 24. Qh7 Nd7 25. Qxg7 Rxc2 26. Qg5+ Kf8 27. Qh6+ Ke7 28. Qxh5 Qxa6 29. Re1 Qd3 30. Qg5+ Ke8 31. Qg8+ Nf8 32. Rb1 Rc8 33. Rb7 Qf5 34. Rxa7 Rb8 35. Qg3 Ng6 36. Qa3 Qb1+ 37. Qc1 Nf4 38. Kh2 Nxe2 39. Qxb1 Rxb1 40. Ra8+ Ke7 41. h5 Nf4 42. h6 Ng6 43. h7 Rd1 44. Rg8 Rxd4 45. g3 Rg4 46. Rxg6 Rxg6 47. h8Q Rg4 48. f4 1-0

[Event "Budapest FS10 GM"]
[Site "Budapest"]
[Date "2014.10.08"]
[Round "5"]
[White "Ferreira, Jorge Viterbo"]
[Black "Szabo, Krisztian"]
[Result "1/2-1/2"]
[WhiteElo "2422"]
[BlackElo "2539"]
[PlyCount "21"]
[EventDate "2014.10.04"]
[EventType "tourn"]
[EventRounds "10"]
[EventCountry "HUN"]
[EventCategory "8"]
[SourceTitle "CBM 162 Extra"]
[Source "ChessBase"]
[SourceDate "2014.10.17"]
[SourceVersion "1"]
[SourceVersionDate "2014.10.17"]
[SourceQuality "1"]

1. d4 Nf6 2. c4 c6 3. Nc3 d5 4. cxd5 cxd5 5. Bf4 Nc6 6. e3 a6 7. Nf3 Bf5 8. Bd3 Bxd3 9. Qxd3 e6 10. 0-0 Bd6 11. Bxd6 1/2-1/2

[Event "Mitropa Cup 33rd"]
[Site "Ruzomberok"]
[Date "2014.05.31"]
[Round "9.4"]
[White "Szabo, Krisztian"]
[Black "Berchtenbreiter, Maximilian"]
[Result "1-0"]
[WhiteElo "2543"]
[BlackElo "2409"]
[PlyCount "81"]
[EventDate "2014.05.23"]
[EventType "team-tourn"]
[EventRounds "9"]
[EventCountry "SVK"]
[SourceTitle "CBM 160 Extra"]
[Source "ChessBase"]
[SourceDate "2014.07.01"]
[SourceVersion "1"]
[SourceVersionDate "2014.07.01"]
[SourceQuality "1"]
[WhiteTeam "Hungary"]
[BlackTeam "Germany"]
[WhiteTeamCountry "HUN"]
[BlackTeamCountry "GER"]

1. e4 c5 2. Nf3 e6 3. d4 cxd4 4. Nxd4 a6 5. c4 Qc7 6. a3 b6 7. Nc3 Bb7 8. Be3 Nf6 9. f3 Be7 10. Be2 0-0 11. 0-0 Bd6 12. Kh1 Be7 13. Qd2 d6 14. b4 Nbd7 15. Rac1 Rac8 16. Na4 Qb8 17. Rc2 g6 18. Rfc1 Rfe8 19. Bf1 Kh8 20. Qf2 Rg8 21. Nb3 b5 22. cxb5 Rxc2 23. Rxc2 axb5 24. Nc3 g5 25. h3 Ne5 26. Na5 Ba8 27. Bd4 h5 28. Bxb5 g4 29. Bxe5 dxe5 30. Bc6 Bxb4 31. axb4 Qxb4 32. Bxa8 Qxa5 33. Bc6 Rc8 34. Nd1 g3 35. Qxg3 Qa1 36. Qe1 Kg7 37. Qd2 Kg6 38. Kh2 h4 39. Nf2 Nh5 40. Rc1 Qa7 41. Ng4 1-0

[Event "Mitropa Cup 33rd"]
[Site "Ruzomberok"]
[Date "2014.05.30"]
[Round "8.4"]
[White "Nguyen, Thai Dai Van"]
[Black "Szabo, Krisztian"]
[Result "1/2-1/2"]
[WhiteElo "2239"]
[BlackElo "2543"]
[PlyCount "60"]
[EventDate "2014.05.23"]
[EventType "team-tourn"]
[EventRounds "9"]
[EventCountry "SVK"]
[SourceTitle "CBM 160 Extra"]
[Source "ChessBase"]
[SourceDate "2014.07.01"]
[SourceVersion "1"]
[SourceVersionDate "2014.07.01"]
[SourceQuality "1"]
[WhiteTeam "Czech Republic"]
[BlackTeam "Hungary"]
[WhiteTeamCountry "CZE"]
[BlackTeamCountry "HUN"]

1. e4 e5 2. Nf3 Nc6 3. Bc4 Bc5 4. c3 Nf6 5. d4 exd4 6. cxd4 Bb4+ 7. Nbd2 d5 8. exd5 Nxd5 9. 0-0 0-0 10. a3 Ba5 11. Nb3 Bb6 12. Bg5 f6 13. Bh4 Na5 14. Nxa5 Bxa5 15. Rc1 Be6 16. b4 Bb6 17. Re1 Qd7 18. Nd2 Rad8 19. Ne4 Qf7 20. Nc5 Bc8 21. Qf3 c6 22. Bg3 Kh8 23. h3 Bxc5 24. dxc5 Rfe8 25. Rcd1 Be6 26. Bd6 Qd7 27. Bb3 Bf7 28. Kh2 a6 29. Kg1 Rxe1+ 30. Rxe1 Re8 1/2-1/2